General Knowledge Quiz #6742 - Statistics

General Stats
  • This quiz has been taken 21 times
  • The average score is 5 of 20
Answer Stats
Hint Answer % Correct
Which extinct, flightless bird was native to Mauritius and disappeared by the late 17th century? Dodo
79%
Which city is named after Tsar Peter the Great? Saint Petersburg
74%
Which American university correlates to the phrase "played like a wild band of razorback hogs" University of Arkansas
37%
Which US city is known for having a high Somali population with an area Cedar-Riverside being called "Little Mogadishu" Minneapolis
32%
Who is the fictional main character of the novel American Psycho? Patrick Bateman
32%
If someone sees colors when they listen to music, what broader psychological condition do they have? Synesthesia
32%
What cavity contains the heart? Thoracic
32%
What does the Mitochondria create? Adenosine Triphosphate (ATP)
26%
What is an example of a natural log that is not in a forest? ln
26%
What famous Chinese book arose from the Spring and Autumn period, written by Sun Tzu? The Art of War
26%
What species is Charles Darwin most famously known for studying on the Galapagos Islands? Finches
21%
Where did Walter White graduate from? California Institute of Technology
16%
What political and social ideology does the Indian state Kerala follow? Communism
16%
What is the study of dramatic composition and the representation of the main elements of drama? Dramaturgy
16%
Which war was ended by the Treaty of Ghent? War of 1812
16%
Which city does the Prime Meridian intersect? Greenwhich, England
11%
What are the names of the little green glowing minifigures created from Japanese company Dreams INC Smiski
11%
Where does "all the world's a stage" come from? As You Like It
5%
What is the sacred symbol of Jainism that predates its use in other cultures? Swatsika
5%
What is the name of the world’s deepest known blue hole in the South China Sea? Dragon Hole
0%
No matching quizzes found
Score Distribution
Percent of People with Each Score
Percentile by Number Answered
Your Score History
You have not taken this quiz